Sustainable hotel (Record no. 108651)
[ view plain ]
| 000 -LEADER | |
|---|---|
| fixed length control field | 01782cam a22002775a 4500 |
| 001 - CONTROL NUMBER | |
| control field | L144899 |
| 008 - FIXED-LENGTH DATA ELEMENTS--GENERAL INFORMATION | |
| fixed length control field | 080819s2005 xxkdo f s 000 0 eng d |
| 020 ## - INTERNATIONAL STANDARD BOOK NUMBER | |
| International Standard Book Number | 1899159118 |
| 035 ## - SYSTEM CONTROL NUMBER | |
| System control number | (Sirsi) u144899 |
| 041 0# - LANGUAGE CODE | |
| Language code of text/sound track or separate title | eng |
| 050 04 - LIBRARY OF CONGRESS CALL NUMBER | |
| Classification number | 728.5 $2 22 |
| 245 00 - TITLE STATEMENT | |
| Title | Sustainable hotel |
| Remainder of title | siting, design and construction |
| Statement of responsibility, etc. | editor Claire Baker |
| 260 ## - PUBLICATION, DISTRIBUTION, ETC. | |
| Place of publication, distribution, etc. | London |
| Name of publisher, distributor, etc. | Prince of Wales Business Leaders Forum |
| Date of publication, distribution, etc. | 2005 |
| 300 ## - PHYSICAL DESCRIPTION | |
| Extent | 140p. |
| Dimensions | 30cm. |
| 505 2# - FORMATTED CONTENTS NOTE | |
| Formatted contents note | Introduction -- Inception -- Pre-design -- Creating the design brief -- Architectural and physical design -- Operational design -- Construction and refurbishment -- Commissioning and operation -- Interior design -- Monitoring performance -- Appendices |
| 520 ## - SUMMARY, ETC. | |
| Summary, etc. | Aims to help planners, investors, developers and their advisors plan and build sustainable hotels. Presents guiding principles which could be used worldwide to develop hotel accommodation respecting the environmental standards, while being commercially viable and competitive. Discusses how hotels could support the protection of biodiversity and the well being of local communities. Explains that the business benefits of sustainable site, design and construction are among others: the good reputation of the company; better risk management; a better building quality; improved relationship with the community. Contains in appendix 28 case studies, taken from all continents. |
| 521 ## - TARGET AUDIENCE NOTE | |
| Target audience note | Advanced |
| 590 ## - LOCAL NOTE (RLIN) | |
| Local note | KA |
| 651 #4 - SUBJECT ADDED ENTRY--GEOGRAPHIC NAME | |
| Geographic name | International |
| 690 ## - LOCAL SUBJECT ADDED ENTRY--TOPICAL TERM (OCLC, RLIN) | |
| Topical term or geographic name as entry element | BUILT ENVIRONMENT-SUSTAINABLE CONSTRUCTION |
| 690 ## - LOCAL SUBJECT ADDED ENTRY--TOPICAL TERM (OCLC, RLIN) | |
| Topical term or geographic name as entry element | PROPERTY-COMMERCIAL PROPERTY-LEISURE PROPERTY-HOLIDAY AND GUEST PROPERTY-HOTEL PROPERTY-HOTELS |
| 700 1# - ADDED ENTRY--PERSONAL NAME | |
| Personal name | Baker, Claire |
| Relator term | Editor |
| 710 1# - ADDED ENTRY--CORPORATE NAME | |
| Corporate name or jurisdiction name as entry element | Prince of Wales Business Leaders Forum |
| 710 1# - ADDED ENTRY--CORPORATE NAME | |
| Corporate name or jurisdiction name as entry element | Conservation International |
| 942 ## - ADDED ENTRY ELEMENTS (KOHA) | |
| Suppress in OPAC | 0 |
| Withdrawn status | Lost status | Source of classification or shelving scheme | Damaged status | Not for loan | Home library | Current library | Shelving location | Date acquired | Total Checkouts | Full call number | Barcode | Date last seen | Date last checked out | Copy number | Price effective from | Koha item type |
|---|---|---|---|---|---|---|---|---|---|---|---|---|---|---|---|---|
| Dewey Decimal Classification | London | London | Folio | 19/08/2008 | 2 | F728.5 BAK | 30071252 | 06/08/2019 | 07/10/2008 | 1 | 06/08/2019 | Book |